[Event "Kiel op 22nd"]
[Site "Kiel"]
[Date "2009.08.04"]
[Round "5"]
[White "Blietschau, Volker"]
[Black "Ramme, Christoph"]
[Result "0-1"]
[WhiteElo "1939"]
[BlackElo "2048"]
[PlyCount "96"]
[EventDate "2009.08.01"]
[EventType "swiss"]
[EventRounds "7"]
[EventCountry "GER"]
[SourceTitle "EXT 2010"]
[Source "ChessBase"]
[SourceDate "2010.11.25"]
[SourceVersion "1"]
[SourceVersionDate "2010.11.25"]
[SourceQuality "1"]

1. e4 c5 2. Nc3 Nc6 3. f4 e6 4. Nf3 g6 5. Bc4 Nge7 6. e5 d5 7. Bb5 Qb6 8. Bxc6+ Nxc6 9. Ne2 Bd7 10. d3 Nd4 11. 0-0 Nxf3+ 12. Rxf3 Bc6 13. Rf2 Be7 14. c3 Bh4 15. g3 Be7 16. d4 Bb5 17. Be3 Bxe2 18. Rxe2 Rc8 19. Rc1 c4 20. g4 h5 21. f5 hxg4 22. fxg6 fxg6 23. Rg2 Kd7 24. Qc2 Rh3 25. Bf4 Rf3 26. Rxg4 Rf8 27. Bg3 g5 28. Rb1 Qa5 29. b4 Qa3 30. Be1 b5 31. Kg2 Qa6 32. Rg3 R3f5 33. Ra1 Qa4 34. Qxa4 bxa4 35. a3 Rf1 36. h3 R8f2+ 37. Bxf2 Rxa1 38. Be3 Rxa3 39. Bxg5 Bxg5 40. Rxg5 Rxc3 41. Rg7+ Kc8 42. Rxa7 Rd3 43. Ra8+ Kc7 44. Rxa4 Rxd4 45. Ra7+ Kb8 46. Re7 c3 47. Re8+ Kc7 48. Re7+ Kd8 0-1